000 00981nam a22003017a 4500
001 113384
003 DR-UNIBE
005 20250401103406.0
008 250327b2011 fr ||||| |||| 00| 0 fre d
020 _a9782248811013
040 _aBIBLIOTECA UNIBE
_cBIBLIOTECA UNIBE
_erda
041 _aspa
082 _a342 C758
245 1 3 _aLes nouveaux cahiers du Conseil Constitutionnel /
_cMichel Ameller [y otros ocho]
260 _aParis :
_bDalloz,
_c2011
300 _a236 páginas
650 _2lemb
_aConstitución
_961875
700 1 _aMichel Ameller
_eautor
_9193719
700 1 _aArrighi de Casanova, Jacques
_eautor
_9193720
700 1 _aBrau, Lionel
_eautor
_9193721
700 1 _aDesaulnay, Olivier
_eautor
_9193722
700 1 _aDrago, Guillaume
_eautor
_9193723
700 1 _aFraisse, Régis
_eautor
_9193724
700 1 _aGuillaume, Marc
_eautor
_9193725
700 1 _aMaligner, Bernard
_eautor
_9193726
700 1 _aVerpeaux, Michel
_eautor
_9193727
942 _2ddc
_cBK
999 _c113384
_d113384